00581cam a22002177a 4500003000500000005001700005008004100022010001000063011001000073035001000083040000900093082001600102110000800118245004200126260002300168300002000191490005100211650003400262700001600296830005100312CHAP20220817043137.0971013s1982 r 00010 d a66764 a67736 a77208 cCHAP a583.322bF3 aFAO10aWinged bean production in the tropics aRome :bFAO,c1982 a217 p.b: ilus. 0aFAO. Producción y protección vegetalv; 3814aPsophorcarpus tetragonolobus.0 aKhan, T. N. 0aFAO. Producción y protección vegetalv; 38